Working with village people; (Record no. 68055)

MARC details
000 -LEADER
fixed length control field 00741cam a22002171 4500
001 - CONTROL NUMBER
control field sa 66001898
003 - CONTROL NUMBER IDENTIFIER
control field DLC
005 - DATE AND TIME OF LATEST TRANSACTION
control field 20260227112225.0
008 - FIXED-LENGTH DATA ELEMENTS--GENERAL INFORMATION
fixed length control field 760414s1965 ii a 000 0 eng
010 ## - LIBRARY OF CONGRESS CONTROL NUMBER
LC control number sa 66001898
035 ## - SYSTEM CONTROL NUMBER
System control number (OCoLC)2111026
040 ## - CATALOGING SOURCE
Original cataloging agency DLC
Transcribing agency GU
Modifying agency DLC
042 ## - AUTHENTICATION CODE
Authentication code premarc
050 00 - LIBRARY OF CONGRESS CALL NUMBER
Classification number HN683.5
Item number .M4
100 1# - MAIN ENTRY--PERSONAL NAME
Personal name Mehta, Sushila,
Dates associated with a name 1922-
245 10 - TITLE STATEMENT
Title Working with village people;
Remainder of title a collection of case studies.
260 ## - PUBLICATION, DISTRIBUTION, ETC.
Place of publication, distribution, etc. [New Delhi]
Name of publisher, distributor, etc. National Fundamental Education Centre, National Council of Educational Research and Training
Date of publication, distribution, etc. [1965]
300 ## - PHYSICAL DESCRIPTION
Extent xiv, 111 p.
Other physical details illus.
Dimensions 22cm.
651 #0 - SUBJECT ADDED ENTRY--GEOGRAPHIC NAME
Geographic name India
General subdivision Rural conditions
Form subdivision Case studies.
710 2# - ADDED ENTRY--CORPORATE NAME
Corporate name or jurisdiction name as entry element National Council of Educational Research and Training (India)

No items available.

Powered by Koha